000 00513nam a2200169 i 4500
001 30749
003 ES-MaACL
005 20230906154240.0
007 t|
008 030127s1962 sp ||||1| spa d
100 1 _aBellac, Leopold.
_927187
245 1 0 _aEsquizofrenia
_b: revisión del síndrome /
_cLeopold Bellac ; [versión española de Ismael Antich].
260 _aBarcelona :
_bHerder,
_c1962.
300 _a1125 p. ;
_c22 cm.
700 1 _aAntich, Ismael.
_921892
852 _aES-MaACL
_jC-21966
_bR.50864
999 _c30749
_d30749